000 00485nam a2200181Ia 4500
001 57250
008 131209n ii |||gr||||Z||||||465
020 _a978-81-7625-941-5
082 _a821.009
100 _aSharma,
_eR.S.,
245 0 _aLinguistic Aspects of English poetry
_cR.S.Sharma
_hTextual Documents
250 _aist ed-2009.
260 _aNew Delhi
_bSarup Book Publishers
300 _a164p:
_c23cm.
653 _aEnglish Literaure
653 _aPG-Eng
942 _2ddc
_cBK
999 _c57163
_d57163